000
00313nam a22001217a 4500
040
_c
SY
082
_a
639
100
_a
NA
245
_a
Fish migrations of the lower mekong river basin: implications for development planning and environmental management
260
_a
MRC
_b
NA
_c
2002
300
_a
62p.
942
_c
EK
999
_c
8800
_d
8800